000 00488nam a2200181 a 4500
005 20140310183213.0
008 030426s19uu xx 00 eng d
050 _aQA 76.3
_b.L438 1998
245 _aA+ Certification :
_bPC Operating System /
250 _aVolume 1
260 _aComputerPREP, Inc :
_bArizona,
_c1998.
300 _a528 p. :
_bill. ;
_c27 cm.
521 _aIT
650 _aOperating Systems (Computer)
942 _cBK
_2lcc
_kFOR
999 _c20191
_d20191